00570nam a2200169 a 4500003000200000005001700002008004100019020001800060050002700078100001900105245011700124260004900241300001700290440002900307650003200336650003200368020170302142657.0020415s19uu xx 00 eng d a1-56565-568-0 aTR(GS 421.07bC43 1997 aCheney, Martha aPhonics puzzle and games :ba workbook for ages 4-6 /cwritten by Martha Cheney; illustrated by Steve Smallwood. aLos Angeles :bLowell House Juvenile,c1997. a63 p. ; ill. aGifted & Talented Series aPhonicxJuvenile literature aPhonicsxStudy and teaching